Galaxy Morphology and Classification (Record no. 7515)

MARC details
000 -LEADER
fixed length control field 00552nam a22001937a 4500
003 - CONTROL NUMBER IDENTIFIER
control field OSt
005 - DATE AND TIME OF LATEST TRANSACTION
control field 20211122154303.0
008 - FIXED-LENGTH DATA ELEMENTS--GENERAL INFORMATION
fixed length control field 211122b ||||| |||| 00| 0 eng d
020 ## - INTERNATIONAL STANDARD BOOK NUMBER
International Standard Book Number 0521623359
040 ## - CATALOGING SOURCE
Transcribing agency DDC
082 ## - DEWEY DECIMAL CLASSIFICATION NUMBER
Classification number 523.112VAN1998
100 ## - MAIN ENTRY--PERSONAL NAME
Personal name Van Den Bergh Sidney
9 (RLIN) 15382
245 ## - TITLE STATEMENT
Title Galaxy Morphology and Classification
Statement of responsibility, etc. Van Den Bergh Sidney
260 ## - PUBLICATION, DISTRIBUTION, ETC. (IMPRINT)
Place of publication, distribution, etc. United Kingdom
Name of publisher, distributor, etc. Cambridge University Press
Date of publication, distribution, etc. 1998
300 ## - PHYSICAL DESCRIPTION
Extent ix,111p;
Other physical details ill;
Dimensions 21cm
504 ## - BIBLIOGRAPHY, ETC. NOTE
Bibliography, etc Includes Reference &Index
650 ## - SUBJECT ADDED ENTRY--TOPICAL TERM
Source of heading or term classification
942 ## - ADDED ENTRY ELEMENTS (KOHA)
Source of classification or shelving scheme Dewey Decimal Classification
Koha item type Open Shelf
Holdings
Withdrawn status Lost status Source of classification or shelving scheme Damaged status Not for loan Home library Current library Date acquired Inventory number Total Checkouts Full call number Barcode Date last seen Price effective from Koha item type Source of acquisition
    Dewey Decimal Classification     MUST Main Library MUST Main Library 22/11/2021 04/22951   523.112VAN1998 2021-1806 22/11/2021 22/11/2021 Open Shelf  
    Dewey Decimal Classification     MUST Main Library MUST Main Library 11/06/2024 2004/22952   523.112VAN1998 2024-20268 11/06/2024 11/06/2024 Open Shelf Purchase
    Dewey Decimal Classification     MUST Main Library MUST Main Library 18/06/2024 2005/24960   523.112VAN1998 2024-20717 18/06/2024 18/06/2024 Open Shelf Purchase